[Event "POL-chT3 Kujawsko-Pomorskie 2223"]
[Site "Poland"]
[Date "2022.??.??"]
[Round "3.10"]
[White "Bychowska, Marta"]
[Black "Mackiewicz, Anna"]
[Result "0-1"]
[WhiteElo "1481"]
[BlackElo "1842"]
[PlyCount "68"]
[EventDate "2022.11.13"]
[EventType "team-swiss"]
[EventRounds "7"]
[EventCountry "POL"]
[SourceTitle "EXT 2024"]
[Source "ChessBase"]
[SourceDate "2023.10.10"]
[SourceVersion "1"]
[SourceVersionDate "2023.10.10"]
[SourceQuality "1"]

1. c4 Nf6 2. Nc3 c5 3. g3 g6 4. Bg2 Bg7 5. Nf3 0-0 6. 0-0 d6 7. e3 Be6 8. b3 Qc8 9. Bb2 Nc6 10. d4 Bh3 11. d5 Nb4 12. a3 Na6 13. Qd2 Nc7 14. e4 Rb8 15. Rfe1 Bxg2 16. Kxg2 b5 17. e5 Ng4 18. exd6 exd6 19. cxb5 Nxb5 20. Nxb5 Bxb2 21. Nxd6 Qc7 22. Qxb2 Qxd6 23. Red1 Rfe8 24. Rab1 Re7 25. h3 Nf6 26. Rd2 Ne4 27. Rdd1 Rbe8 28. b4 c4 29. Rd4 Nxg3 30. Rxc4 Nh5 31. Qd2 Re2 32. Qg5 f6 33. Qc1 Qg3+ 34. Kh1 Qxf3+ 0-1

[Event "POL-ch rapid (Women)"]
[Site "Bydgoszcz"]
[Date "2020.12.13"]
[Round "3"]
[White "Mackiewicz, Anna"]
[Black "Siekanska, Zuzanna"]
[Result "1/2-1/2"]
[WhiteElo "1856"]
[BlackElo "1772"]
[PlyCount "100"]
[EventDate "2020.12.13"]
[EventType "swiss (rapid)"]
[EventRounds "9"]
[EventCountry "POL"]
[SourceTitle "CBM 199 Extra"]
[Source "ChessBase"]
[SourceDate "2021.01.31"]
[SourceVersion "1"]
[SourceVersionDate "2021.01.31"]
[SourceQuality "1"]

1. Nf3 e6 2. g3 d5 3. d4 Nf6 4. Bg2 Be7 5. 0-0 0-0 6. b3 c6 7. c4 b6 8. Ne5 Bb7 9. Bb2 Na6 10. Nc3 c5 11. e3 Rc8 12. Qe2 Ne4 13. cxd5 exd5 14. Nxe4 dxe4 15. Rfd1 Qc7 16. d5 Bd6 17. Nc4 f5 18. Qh5 Nb4 19. Qg5 Rf7 20. Bf1 a6 21. a3 Nxd5 22. Nxd6 Qxd6 23. Bc4 b5 24. Bxd5 Bxd5 25. Rd2 Qe6 26. Rad1 h6 27. Qh4 Rd7 28. Qf4 Rcd8 29. h4 Bxb3 30. Rxd7 Rxd7 31. Rxd7 Qxd7 32. Qe5 c4 33. Kh2 a5 34. Bc3 a4 35. Bd4 Kh7 36. Bc3 Bd1 37. Bd4 Bg4 38. Bc3 Kg6 39. Bd4 Kh7 40. Qc5 Kg8 41. Qe5 Kh7 42. Bc3 Kg8 43. Qb8+ Kh7 44. Bd4 Bf3 45. Qf8 Bg4 46. Qc5 Bf3 47. Qe5 Bg4 48. Kg1 Bf3 49. Kh2 Kg6 50. Qc5 Kh7 1/2-1/2

[Event "POL-ch rapid (Women)"]
[Site "Bydgoszcz"]
[Date "2020.12.13"]
[Round "5"]
[White "Mackiewicz, Anna"]
[Black "Trzaskowska, Hanna"]
[Result "0-1"]
[WhiteElo "1856"]
[BlackElo "1540"]
[PlyCount "51"]
[EventDate "2020.12.13"]
[EventType "swiss (rapid)"]
[EventRounds "9"]
[EventCountry "POL"]
[SourceTitle "CBM 199 Extra"]
[Source "ChessBase"]
[SourceDate "2021.01.31"]
[SourceVersion "1"]
[SourceVersionDate "2021.01.31"]
[SourceQuality "1"]

1. Nf3 d5 2. d4 Bf5 3. c4 e6 4. Qb3 dxc4 5. Qxb7 Nd7 6. Nc3 Ngf6 7. Bf4 Bd6 8. Bxd6 cxd6 9. Nb5 Qa5+ 10. Nd2 Rb8 11. Nxd6+ Ke7 12. Nxf5+ exf5 13. Qf3 Rxb2 14. Rd1 Ne4 15. Qe3 c3 16. Nxe4 fxe4 17. Rc1 c2+ 18. Qd2 Qxd2+ 19. Kxd2 Rc8 20. a4 Rb4 21. e3 Rxa4 22. Rxc2 Rxc2+ 23. Kxc2 Ra2+ 24. Kc3 Rxf2 25. g3 Nb6 26. Bc4 0-1

[Event "POL-chT 2nd League"]
[Site "Poronin"]
[Date "2020.09.12"]
[Round "8.12"]
[White "Mackiewicz, Anna"]
[Black "Tarnowska, Aleksandra"]
[Result "0-1"]
[WhiteElo "1858"]
[BlackElo "1818"]
[PlyCount "82"]
[EventDate "2020.09.05"]
[EventType "team-swiss"]
[EventRounds "9"]
[EventCountry "POL"]
[SourceTitle "CBM 198 Extra"]
[Source "ChessBase"]
[SourceDate "2020.11.30"]
[SourceVersion "1"]
[SourceVersionDate "2020.11.30"]
[SourceQuality "1"]
[WhiteTeam "Bydgoszcz Hetman"]
[BlackTeam "Zielonka Zieloni"]
[WhiteTeamCountry "POL"]
[BlackTeamCountry "POL"]

1. b3 d5 2. Bb2 Nf6 3. e3 Bf5 4. f4 e6 5. Nf3 Be7 6. Be2 h6 7. 0-0 0-0 8. Ne5 c5 9. d3 Nc6 10. Nd2 Nxe5 11. fxe5 Nd7 12. Bg4 Bg6 13. Qf3 b5 14. Qg3 Bg5 15. Bc1 h5 16. Bh3 h4 17. Qf2 Nxe5 18. d4 cxd4 19. exd4 Nc6 20. Nf3 Bf6 21. Bb2 Be4 22. Ne5 Rc8 23. Ba3 b4 24. Nxc6 Rxc6 25. Bxb4 Rxc2 26. Qe3 Re8 27. Bc5 Bg5 28. Qe1 Qc7 29. Qb4 Bxg2 30. Bxg2 h3 31. Rf2 Be3 32. Raf1 Rxf2 33. Rxf2 Bxf2+ 34. Kxf2 Qxh2 35. Qb5 Qxg2+ 36. Ke3 Qg3+ 37. Ke2 Rb8 38. Qd7 h2 39. Bd6 Qg2+ 40. Kd3 h1Q 41. Bxb8 Qd1+ 0-1

[Event "POL-chT 2nd League"]
[Site "Jastrzebia Gora"]
[Date "2019.09.12"]
[Round "6.20"]
[White "Chmiel, Dominika"]
[Black "Mackiewicz, Anna"]
[Result "1/2-1/2"]
[WhiteElo "2075"]
[BlackElo "1811"]
[PlyCount "42"]
[EventDate "2019.09.07"]
[EventType "team-swiss"]
[EventRounds "9"]
[EventCountry "POL"]
[SourceTitle "EXT 2020"]
[Source "ChessBase"]
[SourceDate "2019.10.17"]
[SourceVersion "1"]
[SourceVersionDate "2019.10.17"]
[SourceQuality "1"]
[WhiteTeam "Chroscice Victoria"]
[BlackTeam "Bydgoszcz Hetman"]
[WhiteTeamCountry "POL"]
[BlackTeamCountry "POL"]

1. e4 e6 2. d4 d5 3. Nd2 c5 4. exd5 Qxd5 5. Ngf3 cxd4 6. Bc4 Qd6 7. 0-0 Nc6 8. Ne4 Qd8 9. Bb5 Bd7 10. Re1 a6 11. Ba4 Be7 12. Nxd4 Nxd4 13. Qxd4 Bxa4 14. Qxa4+ b5 15. Qb3 Nf6 16. Nxf6+ Bxf6 17. a4 0-0 18. axb5 axb5 19. Rxa8 Qxa8 20. Qxb5 Rb8 21. Qd3 Bxb2 1/2-1/2

[Event "POL-chT 2nd League"]
[Site "Jastrzebia Gora"]
[Date "2019.09.08"]
[Round "2.3"]
[White "Mackiewicz, Anna"]
[Black "Swiech, Joanna"]
[Result "1-0"]
[WhiteElo "1811"]
[BlackElo "2055"]
[PlyCount "51"]
[EventDate "2019.09.07"]
[EventType "team-swiss"]
[EventRounds "9"]
[EventCountry "POL"]
[SourceTitle "EXT 2020"]
[Source "ChessBase"]
[SourceDate "2019.10.17"]
[SourceVersion "1"]
[SourceVersionDate "2019.10.17"]
[SourceQuality "1"]
[WhiteTeam "Bydgoszcz Hetman"]
[BlackTeam "Czarna LKSz"]
[WhiteTeamCountry "POL"]
[BlackTeamCountry "POL"]

1. b3 e5 2. Bb2 Nc6 3. e3 Nf6 4. Bb5 Bd6 5. Na3 Na5 6. Nc4 Nxc4 7. Bxc4 0-0 8. Nf3 Qe7 9. 0-0 c6 10. Nh4 Bc7 11. Nf5 Qd8 12. f4 e4 13. Nxg7 d5 14. Bxf6 Qxf6 15. Nh5 Qg6 16. Be2 f5 17. c4 Be6 18. cxd5 cxd5 19. Kh1 h6 20. Rg1 Kh8 21. g4 fxg4 22. Bxg4 Bxg4 23. Rxg4 Qe6 24. Rg7 Bd8 25. Qg1 Bf6 26. Qg6 1-0

[Event "POL-chT 2nd League"]
[Site "Jastrzebia Gora"]
[Date "2019.09.07"]
[Round "1.21"]
[White "Leszner, Liliana"]
[Black "Mackiewicz, Anna"]
[Result "0-1"]
[WhiteElo "1986"]
[BlackElo "1811"]
[PlyCount "64"]
[EventDate "2019.09.07"]
[EventType "team-swiss"]
[EventRounds "9"]
[EventCountry "POL"]
[SourceTitle "EXT 2020"]
[Source "ChessBase"]
[SourceDate "2019.10.17"]
[SourceVersion "1"]
[SourceVersionDate "2019.10.17"]
[SourceQuality "1"]
[WhiteTeam "Plock Stowarzyszenie"]
[BlackTeam "Bydgoszcz Hetman"]
[WhiteTeamCountry "POL"]
[BlackTeamCountry "POL"]

1. e4 e6 2. d3 d5 3. Nd2 Nf6 4. g3 dxe4 5. dxe4 e5 6. Ngf3 Nc6 7. Bg2 Bc5 8. h3 0-0 9. 0-0 h6 10. c3 a5 11. a4 Qe7 12. Nh4 Rd8 13. Qc2 Be6 14. Nf5 Bxf5 15. exf5 Rd7 16. Ne4 Nxe4 17. Qxe4 Rad8 18. Kh2 Qf6 19. g4 Qh4 20. Be3 Bxe3 21. fxe3 Rd2 22. b4 axb4 23. cxb4 Re2 24. Ra3 Rdd2 25. Rg1 Qf2 26. Rd3 Rxd3 27. Qxd3 Rxe3 28. Qf1 Qg3+ 29. Kh1 Nxb4 30. Bxb7 Qh4 31. Bg2 Nd3 32. Kh2 Qg3+ 0-1

[Event "POL-chT 2nd League"]
[Site "Jastrzebia Gora"]
[Date "2018.09.07"]
[Round "7.84"]
[White "Czarniecka, Aleksandra"]
[Black "Mackiewicz, Anna"]
[Result "1/2-1/2"]
[WhiteElo "1822"]
[BlackElo "1850"]
[PlyCount "97"]
[EventDate "2018.09.01"]
[EventType "team-swiss"]
[EventRounds "9"]
[EventCountry "POL"]
[SourceTitle "CBM 186 Extra"]
[Source "ChessBase"]
[SourceDate "2018.08.24"]
[SourceVersion "1"]
[SourceVersionDate "2018.08.24"]
[SourceQuality "1"]
[WhiteTeam "Bogatynia UKS SP3"]
[BlackTeam "Bydgoszcz Hetman"]
[WhiteTeamCountry "POL"]
[BlackTeamCountry "POL"]

1. e4 e6 2. d4 d5 3. Nd2 c5 4. exd5 exd5 5. Ngf3 Nc6 6. Bb5 Bd6 7. dxc5 Bxc5 8. 0-0 Nge7 9. Nb3 Bd6 10. Nbd4 0-0 11. c3 Bg4 12. Qd3 Qc7 13. h3 Bh5 14. Be3 Rad8 15. Rae1 h6 16. b4 Ne5 17. Nxe5 Bxe5 18. Ba4 Bg6 19. Qd2 Nc6 20. Bxc6 bxc6 21. Nb3 Bd6 22. Bc5 Rfe8 23. Bxd6 Qxd6 24. Nc5 Qf6 25. Rxe8+ Rxe8 26. Re1 Rd8 27. Rd1 Bf5 28. Qd4 Qxd4 29. Rxd4 Re8 30. Kf1 Bb1 31. Rd2 Ra8 32. Nb3 Kf8 33. Ke1 Bf5 34. Re2 Bd3 35. Re3 Bc4 36. Na5 Bb5 37. Kd2 Rd8 38. Nb7 Rd7 39. Nc5 Rd8 40. Nb7 Rd7 41. Nc5 Rd6 42. a4 Bf1 43. g4 d4 44. cxd4 Rxd4+ 45. Kc3 Rc4+ 46. Kb3 Rd4 47. Kc3 Rc4+ 48. Kb3 Rd4 49. Kc3 1/2-1/2

[Event "POL-chT 2nd League"]
[Site "Jastrzebia Gora"]
[Date "2018.09.05"]
[Round "5.12"]
[White "Mackiewicz, Anna"]
[Black "Siwek, Kinga"]
[Result "1/2-1/2"]
[WhiteElo "1850"]
[BlackElo "1855"]
[PlyCount "74"]
[EventDate "2018.09.01"]
[EventType "team-swiss"]
[EventRounds "9"]
[EventCountry "POL"]
[SourceTitle "CBM 186 Extra"]
[Source "ChessBase"]
[SourceDate "2018.08.24"]
[SourceVersion "1"]
[SourceVersionDate "2018.08.24"]
[SourceQuality "1"]
[WhiteTeam "Bydgoszcz"]
[BlackTeam "Staniatki Goniec"]
[WhiteTeamCountry "POL"]
[BlackTeamCountry "POL"]

1. b3 b6 2. Bb2 Bb7 3. e3 e6 4. Nf3 Nf6 5. Be2 Be7 6. 0-0 0-0 7. d4 d5 8. Nbd2 Nbd7 9. c4 Rc8 10. Rc1 Ne4 11. cxd5 exd5 12. Nxe4 dxe4 13. Nd2 Kh8 14. Bb5 Nf6 15. Qe2 c6 16. Ba6 Bxa6 17. Qxa6 Bd6 18. g3 Qd7 19. Kg2 Rfe8 20. Nc4 Bb8 21. h3 Nd5 22. Ne5 Bxe5 23. dxe5 Nb4 24. Qc4 Nd3 25. Rcd1 Qf5 26. Rxd3 exd3 27. Rd1 Red8 28. Qc3 c5 29. Qc4 Qd7 30. f3 b5 31. Qc3 c4 32. b4 d2 33. e6 fxe6 34. Qe5 Rg8 35. Bc3 Rcd8 36. Bd4 c3 37. Bxc3 Qd3 1/2-1/2

[Event "POL-chT 2nd League"]
[Site "Jastrzebia Gora"]
[Date "2018.09.02"]
[Round "2.7"]
[White "Parol, Pola"]
[Black "Mackiewicz, Anna"]
[Result "1-0"]
[WhiteElo "2108"]
[BlackElo "1850"]
[PlyCount "81"]
[EventDate "2018.09.01"]
[EventType "team-swiss"]
[EventRounds "9"]
[EventCountry "POL"]
[SourceTitle "CBM 186 Extra"]
[Source "ChessBase"]
[SourceDate "2018.08.24"]
[SourceVersion "1"]
[SourceVersionDate "2018.08.24"]
[SourceQuality "1"]
[WhiteTeam "Minsk Mazowiecki MTSz"]
[BlackTeam "Bydgoszcz"]
[WhiteTeamCountry "POL"]
[BlackTeamCountry "POL"]

1. e4 e6 2. d4 d5 3. Nd2 dxe4 4. Nxe4 Nf6 5. Bd3 Nxe4 6. Bxe4 c5 7. Nf3 cxd4 8. Qxd4 Qxd4 9. Nxd4 f5 10. Bd3 Nc6 11. Nb5 Bb4+ 12. c3 Ba5 13. Bf4 h6 14. 0-0-0 e5 15. Bxe5 Nxe5 16. Rhe1 Kf7 17. Rxe5 Kf6 18. f4 Rd8 19. g3 a6 20. Nd4 Bc7 21. Re2 Bb6 22. Bc4 Bxd4 23. Rxd4 Rxd4 24. cxd4 Bd7 25. Kd2 Rd8 26. Re5 Bc8 27. Ke3 b6 28. h4 g6 29. d5 Rd6 30. Re8 Bd7 31. Rb8 a5 32. Kd4 Be6 33. a4 Bd7 34. b3 Be6 35. Re8 Bd7 36. Rd8 Ke7 37. Rh8 Kf6 38. h5 Kg7 39. Rd8 Kf6 40. Bb5 Ke7 41. Rxd7+ 1-0

[Event "Bialystok Zamenhof Memorial-B 36th"]
[Site "Bialystok"]
[Date "2017.12.29"]
[Round "6"]
[White "Mackiewicz, Anna"]
[Black "Czechowski, Jakub"]
[Result "1/2-1/2"]
[WhiteElo "1896"]
[BlackElo "1782"]
[PlyCount "32"]
[EventDate "2017.12.27"]
[EventType "swiss"]
[EventRounds "9"]
[EventCountry "POL"]
[SourceTitle "CBM 182 Extra"]
[Source "ChessBase"]
[SourceDate "2018.02.23"]
[SourceVersion "1"]
[SourceVersionDate "2018.02.23"]
[SourceQuality "1"]

1. b3 e5 2. Bb2 d6 3. e3 Nc6 4. Nf3 g6 5. d4 Bg7 6. dxe5 Nxe5 7. Nxe5 Bxe5 8. Bxe5 dxe5 9. Qxd8+ Kxd8 10. Bc4 Ke7 11. Nc3 c6 12. 0-0-0 Nf6 13. a4 Be6 14. Bxe6 fxe6 15. a5 Rhd8 16. h3 Kf7 1/2-1/2

[Event "Bialystok Zamenhof Memorial-B 36th"]
[Site "Bialystok"]
[Date "2017.12.28"]
[Round "3"]
[White "Belczewski, Jacek"]
[Black "Mackiewicz, Anna"]
[Result "1-0"]
[WhiteElo "1985"]
[BlackElo "1896"]
[PlyCount "74"]
[EventDate "2017.12.27"]
[EventType "swiss"]
[EventRounds "9"]
[EventCountry "POL"]
[SourceTitle "CBM 182 Extra"]
[Source "ChessBase"]
[SourceDate "2018.02.23"]
[SourceVersion "1"]
[SourceVersionDate "2018.02.23"]
[SourceQuality "1"]

1. c4 b6 2. Nf3 Bb7 3. Nc3 Nf6 4. d4 e6 5. a3 d5 6. Bg5 h6 7. Bh4 Be7 8. e3 0-0 9. cxd5 exd5 10. Be2 Nbd7 11. 0-0 c5 12. Ne5 Nxe5 13. dxe5 Ne4 14. Nxe4 dxe4 15. Qxd8 Bxd8 16. Bg3 Bc7 17. Rfd1 Rfd8 18. Bc4 Kf8 19. Kf1 Ke7 20. Ke2 Bc6 21. f4 b5 22. Bb3 c4 23. Bc2 a5 24. f5 g6 25. fxg6 fxg6 26. Rf1 b4 27. Rf6 Bb5 28. a4 c3+ 29. axb5 Rd2+ 30. Ke1 Rxc2 31. bxc3 Rxc3 32. b6 Bb8 33. Kd2 Rd3+ 34. Ke2 Ra6 35. b7 Re6 36. Rxa5 Ra3 37. Ra8 Bc7 1-0

[Event "POL-chT 2nd League"]
[Site "Szklarska Poreba"]
[Date "2017.09.08"]
[Round "7.15"]
[White "Mackiewicz, Anna"]
[Black "Polak, Sylwia"]
[Result "0-1"]
[WhiteElo "1945"]
[BlackElo "1371"]
[PlyCount "64"]
[EventDate "2017.09.02"]
[EventType "team-swiss"]
[EventRounds "9"]
[EventCountry "POL"]
[SourceTitle "CBM 180 Extra"]
[Source "ChessBase"]
[SourceDate "2017.10.06"]
[SourceVersion "1"]
[SourceVersionDate "2017.10.06"]
[SourceQuality "1"]
[WhiteTeam "Bydgoszcz Hetman"]
[BlackTeam "Rzeszow"]
[WhiteTeamCountry "POL"]
[BlackTeamCountry "POL"]

1. d4 d5 2. c4 c6 3. Nf3 Nf6 4. Nc3 e6 5. Bg5 Be7 6. e3 Nbd7 7. Rc1 0-0 8. Bd3 h6 9. Bh4 c5 10. 0-0 b6 11. cxd5 Nxd5 12. Bxe7 Nxe7 13. Be4 Rb8 14. Qe2 Nf5 15. Rfd1 Qf6 16. Bc6 cxd4 17. Nxd4 Ne5 18. Ne4 Qe7 19. Nb5 Ba6 20. Ng3 Nxg3 21. hxg3 Nxc6 22. Rxc6 Qb4 23. Rc7 Bxb5 24. Qh5 Rbc8 25. Rdc1 Rxc7 26. Rxc7 Qe1+ 27. Kh2 Be2 28. f3 Qd2 29. Rxa7 Qxb2 30. a4 Bf1 31. Kh3 Qxg2+ 32. Kh4 Qh3# 0-1

[Event "POL-chT 2nd League"]
[Site "Szklarska Poreba"]
[Date "2017.09.03"]
[Round "2.15"]
[White "Mackiewicz, Anna"]
[Black "Borkowska, Zuzanna"]
[Result "1-0"]
[WhiteElo "1945"]
[BlackElo "1634"]
[PlyCount "101"]
[EventDate "2017.09.02"]
[EventType "team-swiss"]
[EventRounds "9"]
[EventCountry "POL"]
[SourceTitle "CBM 180 Extra"]
[Source "ChessBase"]
[SourceDate "2017.10.06"]
[SourceVersion "1"]
[SourceVersionDate "2017.10.06"]
[SourceQuality "1"]
[WhiteTeam "Bydgoszcz Hetman"]
[BlackTeam "Bydgoszcz Wiartrak"]
[WhiteTeamCountry "POL"]
[BlackTeamCountry "POL"]

1. d4 Nf6 2. c4 e5 3. dxe5 Ng4 4. Bf4 Nc6 5. Nf3 Bb4+ 6. Nc3 Qe7 7. e3 Ngxe5 8. Nxe5 Nxe5 9. Be2 d6 10. Qa4+ Nc6 11. Rc1 Bd7 12. Qb3 0-0 13. 0-0 Bxc3 14. Rxc3 b6 15. Qc2 Ne5 16. b4 a5 17. a3 axb4 18. axb4 Ra4 19. c5 Rxb4 20. cxd6 cxd6 21. Rc7 Qe6 22. Qd2 Nc6 23. Rxc6 Bxc6 24. Qxb4 Qg6 25. Bg3 Qc2 26. Bxd6 Rd8 27. Qxb6 Rc8 28. Ba6 Re8 29. Bb5 Bxb5 30. Qxb5 Rd8 31. Be5 h6 32. Bd4 Qg6 33. Qb6 Rd6 34. Qb8+ Kh7 35. Rc1 Qe6 36. h3 Rd5 37. Rc8 Rg5 38. Rh8+ Kg6 39. Qb6 Qxb6 40. Bxb6 Rb5 41. Bd4 Rb1+ 42. Kh2 Rb5 43. g4 f6 44. h4 Rb7 45. h5+ Kf7 46. Kg3 Rb5 47. Ra8 Rb7 48. Ra7 Rxa7 49. Bxa7 g6 50. hxg6+ Kxg6 51. Kf4 1-0

[Event "POL-chT 2nd League"]
[Site "Jastrzebia Gora"]
[Date "2016.09.05"]
[Round "3.54"]
[White "Chrzaszcz, Malvina"]
[Black "Mackiewicz, Anna"]
[Result "0-1"]
[WhiteElo "2050"]
[BlackElo "1943"]
[PlyCount "72"]
[EventDate "2016.09.03"]
[EventType "team-swiss"]
[EventRounds "9"]
[EventCountry "POL"]
[SourceTitle "EXT 2017"]
[Source "ChessBase"]
[SourceDate "2016.10.25"]
[SourceVersion "1"]
[SourceVersionDate "2016.10.25"]
[SourceQuality "1"]
[WhiteTeam "Myslenice MLKSz"]
[BlackTeam "Bydgoszcz Hetman"]
[WhiteTeamCountry "POL"]
[BlackTeamCountry "POL"]

1. e4 c5 2. Nf3 Nc6 3. d4 cxd4 4. Nxd4 Nf6 5. Nc3 e5 6. Ndb5 d6 7. Bg5 a6 8. Na3 b5 9. Nd5 Be7 10. Bxf6 Bxf6 11. c4 b4 12. Nc2 a5 13. Be2 Bg5 14. 0-0 0-0 15. Qd3 Bb7 16. a3 bxa3 17. Rxa3 Nb8 18. b4 Nd7 19. Rxa5 Rxa5 20. bxa5 Qxa5 21. Ra1 Qd8 22. Ncb4 Nc5 23. Qb1 g6 24. Ra3 Qb8 25. Qc2 Bxd5 26. Nxd5 Qb7 27. Ra5 Ra8 28. Rxa8+ Qxa8 29. Qb1 Kg7 30. g3 Qa3 31. h4 Bc1 32. Nc7 Qc3 33. Ne8+ Kh6 34. g4 Qe1+ 35. Kg2 Qxe2 36. Kg1 Qe1+ 0-1

[Event "POL-chT 2nd League"]
[Site "Jastrzebia Gora"]
[Date "2016.09.03"]
[Round "1.84"]
[White "Paprocka, Renata"]
[Black "Mackiewicz, Anna"]
[Result "1-0"]
[WhiteElo "1973"]
[BlackElo "1943"]
[PlyCount "131"]
[EventDate "2016.09.03"]
[EventType "team-swiss"]
[EventRounds "9"]
[EventCountry "POL"]
[SourceTitle "EXT 2017"]
[Source "ChessBase"]
[SourceDate "2016.10.25"]
[SourceVersion "1"]
[SourceVersionDate "2016.10.25"]
[SourceQuality "1"]
[WhiteTeam "Bydgoszcz Wiartrak"]
[BlackTeam "Bydgoszcz Hetman"]
[WhiteTeamCountry "POL"]
[BlackTeamCountry "POL"]

1. d4 Nf6 2. Nf3 e6 3. c4 Bb4+ 4. Bd2 Qe7 5. Nc3 Bxc3 6. Bxc3 Ne4 7. Qc2 f5 8. g3 Nxc3 9. Qxc3 b6 10. Bg2 Bb7 11. Rd1 Be4 12. 0-0 0-0 13. Nd2 Bxg2 14. Kxg2 d6 15. f4 Nd7 16. e4 Rf6 17. e5 dxe5 18. dxe5 Rh6 19. Nf3 Nc5 20. Ng5 a5 21. Qf3 Rf8 22. Rd2 Rg6 23. Rfd1 h6 24. Nh3 Qh4 25. Nf2 Qe7 26. b3 Qe8 27. Rd4 h5 28. h4 Rh6 29. Nh3 Ne4 30. Ng5 Nxg5 31. hxg5 Rh7 32. Rd8 Qe7 33. R1d7 Qa3 34. Rxf8+ Qxf8 35. Qc6 g6 36. Qxe6+ Kh8 37. Rxh7+ Kxh7 38. Qd7+ Kg8 39. Qxc7 Qa8+ 40. Kh2 Qf3 41. Qd8+ Kg7 42. Qf6+ Kh7 43. Qf7+ Kh8 44. Qf8+ Kh7 45. Qh6+ Kg8 46. Qxg6+ Kh8 47. Qe8+ Kg7 48. Qd7+ Kf8 49. Qxf5+ Ke7 50. Qf6+ Ke8 51. Qe6+ Kf8 52. Qd6+ Kg7 53. Qd2 h4 54. gxh4 Kg6 55. e6 Qe4 56. Kg3 Qxe6 57. Qd3+ Kg7 58. Qd4+ Kh7 59. Qe5 Qd7 60. Qd5 Qe8 61. Kg4 Qe2+ 62. Kf5 Qc2+ 63. Qe4 Qc3 64. h5 Kg8 65. Qe8+ Kh7 66. Qf7+ 1-0

[Event "POL-chT 2nd League"]
[Site "Jastrzebia Gora"]
[Date "2015.09.13"]
[Round "9.78"]
[White "Waszczuk, Patrycja"]
[Black "Mackiewicz, Anna"]
[Result "0-1"]
[WhiteElo "1926"]
[BlackElo "1955"]
[PlyCount "66"]
[EventDate "2015.09.05"]
[EventType "team-swiss"]
[EventRounds "9"]
[EventCountry "POL"]
[SourceTitle "EXT 2017"]
[Source "ChessBase"]
[SourceDate "2016.10.25"]
[SourceVersion "1"]
[SourceVersionDate "2016.10.25"]
[SourceQuality "1"]
[WhiteTeam "Siedlce KSz Skoczek"]
[BlackTeam "Bydgoszcz Hetman"]
[WhiteTeamCountry "POL"]
[BlackTeamCountry "POL"]

1. e4 c5 2. Nf3 e6 3. d4 cxd4 4. Nxd4 a6 5. Bd3 Qc7 6. 0-0 Nf6 7. Qe2 d6 8. c4 Be7 9. Nc3 0-0 10. f4 Nbd7 11. Bd2 b6 12. Rae1 Rd8 13. Kh1 Bb7 14. Nf3 Rac8 15. b3 Nc5 16. Bb1 Bc6 17. e5 Nfd7 18. Nd5 exd5 19. e6 fxe6 20. b4 Ne4 21. Nd4 Nf8 22. Nxe6 Nxe6 23. cxd5 Nxd2 24. Qxd2 Bb5 25. Bf5 Bxf1 26. Bxe6+ Kh8 27. Bxc8 Bxg2+ 28. Qxg2 Rxc8 29. Qe2 Bf8 30. Qxa6 Qc3 31. Re3 Qxe3 32. Qxc8 Qxf4 33. Qb8 Qf1# 0-1

[Event "POL-chT 2nd League"]
[Site "Jastrzebia Gora"]
[Date "2015.09.10"]
[Round "6.48"]
[White "Mackiewicz, Anna"]
[Black "Dziodzio, Angelika"]
[Result "0-1"]
[WhiteElo "1955"]
[BlackElo "2095"]
[PlyCount "90"]
[EventDate "2015.09.05"]
[EventType "team-swiss"]
[EventRounds "9"]
[EventCountry "POL"]
[SourceTitle "EXT 2017"]
[Source "ChessBase"]
[SourceDate "2016.10.25"]
[SourceVersion "1"]
[SourceVersionDate "2016.10.25"]
[SourceQuality "1"]
[WhiteTeam "Bydgoszcz Hetman"]
[BlackTeam "Rybnik MKSz"]
[WhiteTeamCountry "POL"]
[BlackTeamCountry "POL"]

1. d4 Nf6 2. c4 d6 3. Nc3 Nbd7 4. Nf3 e5 5. dxe5 dxe5 6. a3 a5 7. Bg5 h6 8. Bxf6 Qxf6 9. Nd5 Qd8 10. g3 c6 11. Nc3 Be7 12. Bg2 0-0 13. 0-0 f5 14. Rb1 e4 15. Nd4 Ne5 16. e3 Qe8 17. Qe2 Qf7 18. Rfc1 Re8 19. Na4 Nd3 20. Rc2 Be6 21. Nxe6 Qxe6 22. Nb6 Rad8 23. Qh5 Kh7 24. Bf1 g6 25. Qh3 Bg5 26. b4 axb4 27. axb4 Ne5 28. Be2 Nf3+ 29. Bxf3 exf3 30. Qf1 Qe4 31. Rbc1 h5 32. Na4 h4 33. Nc5 Qe7 34. gxh4 Bxh4 35. Qh3 Qg5+ 36. Kh1 Qh5 37. Nxb7 Rb8 38. Nd6 Re6 39. c5 Rxb4 40. e4 Re5 41. exf5 gxf5 42. Ra1 Rd4 43. Qf1 Re2 44. Raa2 Bg3 45. h3 Rd1 0-1

[Event "POL-chT 2nd League"]
[Site "Jastrzebia Gora"]
[Date "2015.09.07"]
[Round "3.60"]
[White "Zdziarska, Lidia"]
[Black "Mackiewicz, Anna"]
[Result "0-1"]
[WhiteElo "1913"]
[BlackElo "1955"]
[PlyCount "74"]
[EventDate "2015.09.05"]
[EventType "team-swiss"]
[EventRounds "9"]
[EventCountry "POL"]
[SourceTitle "EXT 2017"]
[Source "ChessBase"]
[SourceDate "2016.10.25"]
[SourceVersion "1"]
[SourceVersionDate "2016.10.25"]
[SourceQuality "1"]
[WhiteTeam "Wroclaw AZS Politechnika"]
[BlackTeam "Bydgoszcz Hetman"]
[WhiteTeamCountry "POL"]
[BlackTeamCountry "POL"]

1. e4 c5 2. Nf3 e6 3. d4 cxd4 4. Nxd4 a6 5. Nc3 Qc7 6. Be2 Nf6 7. 0-0 d6 8. Be3 Be7 9. Kh1 b5 10. f3 0-0 11. a4 bxa4 12. Nxa4 Nbd7 13. Qd2 Bb7 14. Nb3 d5 15. exd5 Nxd5 16. Bf2 Rfd8 17. Bg3 e5 18. c4 Bb4 19. Qg5 h6 20. Qh4 Ne3 21. Rfc1 Nf5 22. Qg4 Nxg3+ 23. Qxg3 Bc6 24. Nd4 Nf8 25. Nxc6 Qxc6 26. b3 Rd2 27. Bf1 Ng6 28. Nc3 Bxc3 29. Rxc3 Rad8 30. Qe1 Nf4 31. Rcc1 Qg6 32. Rd1 Qc2 33. Rxd2 Rxd2 34. Rc1 Qb2 35. Rd1 Rxg2 36. Rd8+ Kh7 37. Qh4 Qc1 0-1